La gestión por competencia laboral en la empresa y la formación profesional (Registro nro. 4589)

Detalles MARC
000 -CABECERA
campo de control de longitud fija 01458nam a2200325 b 4500
001 - NÚMERO DE CONTROL
campo de control bimo0001067459
003 - IDENTIFICADOR DEL NÚMERO DE CONTROL
campo de control SpMaBN
005 - FECHA Y HORA DE LA ÚLTIMA TRANSACCIÓN
campo de control 20190508151303.0
008 - DATOS DE LONGITUD FIJA--INFORMACIÓN GENERAL
campo de control de longitud fija 981127s1998 sp | ||| ||spa
016 7# - NÚMERO DE CONTROL DE UNA AGENCIA BIBLIOGRÁFICA NACIONAL
Número de control del registro bimoBNE19983163395
Fuente SpMaBN
017 ## - NÚMERO DE COPYRIGHT O DE DEPÓSITO LEGAL
Número de copyright o de depósito legal M 29007-1998
Agencia que asigna Oficina Depósito Legal Madrid
020 ## - NÚMERO INTERNACIONAL ESTÁNDAR DEL LIBRO
Número Internacional Estándar del Libro 847666088X
035 ## - NÚMERO DE CONTROL DEL SISTEMA
Número de control de sistema (OCoLC)432403123
040 ## - FUENTE DE LA CATALOGACIÓN
Centro catalogador/agencia de origen SpMaBN
Centro/agencia transcriptor AR-RoIUNI
080 #0 - NÚMERO DE LA CLASIFICACIÓN DECIMAL UNIVERSAL
Número de la Clasificación Decimal Universal 331 MER
100 1# - ENTRADA PRINCIPAL--NOMBRE DE PERSONA
Nombre de persona Mertens, Leonard
245 13 - MENCIÓN DE TÍTULO
Título La gestión por competencia laboral en la empresa y la formación profesional
Mención de responsabilidad, etc. Leonard Mertens
260 ## - PUBLICACIÓN, DISTRIBUCIÓN, ETC. (PIE DE IMPRENTA)
Lugar de publicación, distribución, etc. [Madrid]
Nombre del editor, distribuidor, etc. Organización de Estados Iberoamericanos para la Educación, la Ciencia y la Cultura
Fecha de publicación, distribución, etc. [1998]
300 ## - DESCRIPCIÓN FÍSICA
Extensión 108 p.
Dimensiones 23 cm
490 1# - MENCIÓN DE SERIE
Mención de serie Programa de Cooperación Iberoamericana para el Diseño de la Formación Profesional, IBERFOP
Designación de volumen o secuencia 1
500 ## - NOTA GENERAL
Nota general "Cumbre iberoamericana, Programa de cooperación iberoamericana para el diseño de la formación profesional (IBERFOP)"
650 14 - PUNTO DE ACCESO ADICIONAL DE MATERIA--TÉRMINO DE MATERIA
Término de materia o nombre geográfico como elemento inicial Gestión
710 2# - PUNTO DE ACCESO ADICIONAL--NOMBRE DE ENTIDAD CORPORATIVA
Nombre de entidad corporativa o nombre de jurisdicción como elemento de entrada Organización de Estados Iberoamericanos para la Educación, la Ciencia y la Cultura
830 #0 - PUNTO DE ACCESO ADICIONAL DE SERIE-TÍTULO UNIFORME
Título uniforme Programa de Cooperación Iberoamericana para el Diseño de la Formación Profesional, IBERFOP (Serie)
Designación de número de volumen o secuencia 1
942 ## - ELEMENTOS DE PUNTO DE ACCESO ADICIONAL (KOHA)
Fuente del sistema de clasificación o colocación Clasificación Decimal Universal
Tipo de ítem Koha Libros
956 ## - LOCALIZACIÓN Y ACCESO ELECTRÓNICOS LOCAL (OCLC)
Nombre del host 2
980 ## - EQUIVALENCIA O REFERENCIA-CRUZADA-MENCIÓN DE SERIE--NOMBRE DE PERSONA/TÍTULO [LOCAL, CANADÁ]
Nombre de persona M 29007-1998
-- 84-7666-088-X
-- M-BN
Numeración BNALCALA
Calificador de atribución 10/96424
Títulos y otros términos asociados al nombre ALCALA
980 ## - EQUIVALENCIA O REFERENCIA-CRUZADA-MENCIÓN DE SERIE--NOMBRE DE PERSONA/TÍTULO [LOCAL, CANADÁ]
Nombre de persona M 29007-1998
-- M-BN
Numeración BNALCALA
Calificador de atribución AHM/398904
Títulos y otros términos asociados al nombre SALA_ALC
980 ## - EQUIVALENCIA O REFERENCIA-CRUZADA-MENCIÓN DE SERIE--NOMBRE DE PERSONA/TÍTULO [LOCAL, CANADÁ]
Nombre de persona M 29007-1998
-- 84-7666-088-X
-- M-BN
Numeración BNALCALA
Calificador de atribución DL/876099
Títulos y otros términos asociados al nombre CONSERVACI
Existencias
Estado de retiro Estado de pérdida Fuente del sistema de clasificación o colocación Estado dañado Excepción de préstamo Código de colección Localización permanente Ubicación/localización actual Ubicación en estantería Fecha de adquisición Número de inventario Total de préstamos Signatura topográfica completa Código de barras Fecha visto por última vez Precio válido a partir de Tipo de ítem Koha
    Clasificación Decimal Universal     Literatura General BIBLIOTECA CENTRAL BIBLIOTECA CENTRAL BIBLIOTECA CENTRAL 08/05/2019 5444   331 MER 5444c 08/05/2019 08/05/2019 Libros